[Event "Kouty nad Desnou op-A"]
[Site "Kouty nad Desnou"]
[Date "2024.03.11"]
[Round "4"]
[White "Ptacek, Vladimir"]
[Black "Burel, Jiri"]
[Result "1-0"]
[WhiteElo "1531"]
[BlackElo "1506"]
[PlyCount "95"]
[EventDate "2024.03.09"]
[EventType "swiss"]
[EventRounds "9"]
[EventCountry "CZE"]
[SourceTitle "CB13_2024"]
[SourceDate "2024.03.27"]
[SourceVersion "1"]
[SourceVersionDate "2024.03.27"]
[SourceQuality "1"]

1. e4 c6 2. Nc3 d5 3. Nf3 dxe4 4. Nxe4 Bg4 5. h3 Bh5 6. Ng3 Bxf3 7. Qxf3 Nf6 8. Bc4 e6 9. 0-0 Bc5 10. Nh5 Nxh5 11. Qxh5 Nd7 12. Re1 0-0 13. Bd3 Nf6 14. Qxc5 Qd7 15. b3 Rfd8 16. Bb2 Nd5 17. Qd4 f6 18. Qh4 h6 19. Qg4 f5 20. Qg3 Nb4 21. Rxe6 Nxd3 22. cxd3 Qf7 23. Rg6 Rd7 24. Rxg7+ Qxg7 25. Bxg7 Rxg7 26. Qf4 Re8 27. Rc1 Re2 28. Rc5 Re8 29. Rxf5 a6 30. Qxh6 Ree7 31. Kf1 Re8 32. Rg5 Ree7 33. Rxg7+ Rxg7 34. g4 Kf7 35. Qf4+ Kg8 36. f3 Rf7 37. Qe4 Kg7 38. Kf2 Kg8 39. Kg3 Kg7 40. f4 Kg8 41. f5 Kg7 42. g5 Kf8 43. Kg4 Kg7 44. Qe5+ Kg8 45. Qe6 Kf8 46. Qxf7+ Kxf7 47. h4 b5 48. h5 1-0

[Event "Morava-ch"]
[Site "Orlova"]
[Date "2023.10.29"]
[Round "9"]
[White "Kokes, Christian"]
[Black "Ptacek, Vladimir"]
[Result "1/2-1/2"]
[WhiteElo "1278"]
[BlackElo "1229"]
[PlyCount "30"]
[EventDate "2023.10.24"]
[EventType "swiss"]
[EventRounds "9"]
[EventCountry "CZE"]
[SourceTitle "Mega2024 Update 01"]
[Source "Chessbase"]
[SourceDate "2023.11.12"]
[SourceVersion "1"]
[SourceVersionDate "2023.11.12"]
[SourceQuality "1"]

1. c4 d6 2. Nc3 g6 3. g3 Bd7 4. Bg2 Bc6 5. Nf3 Bg7 6. d4 e5 7. d5 Bd7 8. e4 Nf6 9. b4 0-0 10. 0-0 Na6 11. a3 h6 12. Nd2 Qc8 13. f4 Ng4 14. Ncb1 Kh7 15. h3 Nf6 1/2-1/2